000 00417nam a22001697a 4500
999 _c1266
_d1266
005 20211004101156.0
008 160521b xxu||||| |||| 00| 0 eng d
020 _a981-240-389-2
041 _aeng
082 _b3691
100 _aStepker Frando Dale Patric
_9926
245 _aIndustrial Process Control Systems
260 _bThousons
_c2004
300 _a462
650 _aDIPLOMA ENGINEERING
_9817
942 _cBK